000 00660cam a2200205 a 4500
001 000001591
005 20240530073910.0
008 930610s1992 dr 000 f spa d
040 _aDO-SdBNP
_bspa
_cBNPHU
082 _aRD863.44
_bD575c
100 1 _aDihmes Pablo, Luis,
_d1936-
_95220
245 1 3 _aLa casa de los tres candados /
_cLuis Dihmes Pablo.
260 _aSanto Domingo :
_bTaller,
_c1992.
300 _a179 p. ;
_c21 cm.
500 _aIncluye datos biográficos del autor en las solapas
590 _aInventariado, 2020/BT
650 0 _aNovela dominicana
_9223
650 0 _aLiteratura dominicana.
_967
910 _aValidado. Control de calidad MFF
999 _c1486
_d1486